000 00229nam a2200097Ia 4500
008 170619s9999 xx 000 0 und d
100 _aKraus J D
245 0 _aElectromagnetic with applications
260 _bMc Graw Hill
260 _c1999
546 _aENGLISH
999 _c17489
_d17489